[Event "41st Arco Open 2019"]
[Site "Arco"]
[Date "2019.10.12"]
[Round "9"]
[White "Leutwyler, Martin"]
[Black "Qendro, Llambi"]
[Result "0-1"]
[WhiteElo "2154"]
[BlackElo "2312"]
[Annotator "NA"]
[PlyCount "122"]
[EventDate "2019.10.04"]
[EventType "swiss"]
[EventCountry "ITA"]
[SourceTitle "playchess.com"]
[Source "ChessBase"]
[SourceQuality "1"]
[TimeControl "40/5400+30:1800+30"]

1. d4 {[%emt 0:00:30]} g6 {[%emt 0:00:30]} 2. c4 {[%emt 0:00:30]} Bg7 {[%emt 0:00:00]} 3. Nf3 {[%emt 0:00:00]} d6 {[%emt 0:00:00]} 4. Nc3 {[%emt 0:00:00]} Nf6 5. h3 {[%emt 0:00:30]} O-O {[%emt 0:01:00]} 6. e4 {[%emt 0:00:30]} e5 {[%emt 0:00:30]} 7. d5 {[%emt 0:00:00]} a5 {[%emt 0:01:30]} 8. g4 {[%emt 0:02:00]} Na6 {[%emt 0:00:30]} 9. Be3 {[%emt 0:00:00]} Nd7 {[%emt 0:01:30] E90: King's Indian: Classical: Early deviations and 6 h3} (9... Nc5 10. Nd2 c6 11. Be2 a4 12. h4 Qa5 13. f3 a3 14. Qc2 axb2 15. Qxb2 h5 16. g5 Nfd7 17. O-O f6 18. Kg2 Qd8 19. Nb3 fxg5 20. hxg5 {½-½ (67) Nepomniachtchi,I (2757)-Grischuk,A (2766) chess.com INT 2018}) 10. a3 {[%emt 0:00:00]} Nac5 {[%emt 0:05:30]} 11. Rg1 {[%emt 0:00:00]} a4 12. Nd2 {[%emt 0:01:00]} c6 {[%emt 0:05:00]} 13. Be2 {[%emt 0:07:30]} Nb6 $146 ({Predecessor:} 13... Kh8 14. Qc2 Qa5 15. h4 Rb8 16. h5 cxd5 17. cxd5 b5 18. g5 Re8 19. Kf1 {1-0 (42) Ovetchkin,R (2521)-Ivanov,M (2392) Vladivostok 2014}) 14. Qc2 {[%emt 0:02:30]} Bd7 {[%emt 0:12:00]} 15. h4 h6 {[%emt 0:00:30]} (15... cxd5 $14 16. cxd5 Rc8) 16. h5 {[%emt 0:08:00]} g5 {[%emt 0:03:30]} 17. f3 {[%emt 0:21:30]} cxd5 {[%emt 0:12:30]} 18. cxd5 {[%emt 0:00:00]} Rc8 {[%emt 0:00:30]} 19. Kf2 {[%emt 0:00:00]} Rc7 $16 {[%emt 0:02:30]} 20. Rgc1 {[%emt 0:00:00]} Qa8 {[%emt 0:00:00]} 21. Bb5 {[%emt 0:00:00]} Rfc8 {[%emt 0:03:00]} 22. Bxd7 {[%emt 0:05:30]} Rxd7 {[%emt 0:00:30]} 23. Bxc5 {[%emt 0:04:30]} Rxc5 {[%emt 0:02:30]} 24. Qd3 Rdc7 {[%emt 0:01:30]} 25. Ne2 {[%emt 0:05:00]} Qc8 {[%emt 0:02:30]} 26. Rc3 {[%emt 0:01:30]} Rxc3 {[%emt 0:02:30]} 27. Nxc3 {[%emt 0:00:00]} Nc4 28. Nxc4 {[%emt 0:01:00]} Rxc4 {[%emt 0:02:00]} 29. Qe3 {[%emt 0:05:30]} Bf6 {[%emt 0:05:30]} 30. Rc1 {[%emt 0:05:30]} Bd8 {[%emt 0:03:30]} 31. Ne2 {[%emt 0:02:30]} Ba5 {[%emt 0:02:30]} 32. Rxc4 {[%emt 0:06:30]} Qxc4 {[%emt 0:09:30]} 33. Ng3 {[%emt 0:01:30]} Qc2+ {[%emt 0:00:00]} 34. Qe2 {[%emt 0:01:30]} Qc5+ 35. Kg2 {[%emt 0:03:40]} Bb6 {[%emt 0:00:00]} 36. Qf1 Kh7 {[%emt 0:02:00]} 37. Kh3 {[%emt 0:11:06]} Ba5 {[%emt 0:00:00]} 38. Qe2 {[%emt 0:03:00]} b5 {[%emt 0:18:09]} 39. Nf5 {[%emt 0:03:33]} Qg1 {[%emt 0:03:10]} 40. Qg2 {[%emt 0:01:43]} Qe1 41. Ng3 {[%emt 0:06:28]} Qc1 {[%emt 0:14:11]} 42. Nf5 {[%emt 0:02:30]} Qc5 43. Qf1 {[%emt 0:01:30]} Bd2 {[%emt 0:04:17]} 44. Qe2 Ba5 {[%emt 0:00:00]} 45. Qf1 {[%emt 0:03:00]} Bb6 {[%emt 0:00:00]} 46. Qe2 {[%emt 0:01:30]} Qg1 {[%emt 0:15:02]} 47. Qg2 {[%emt 0:09:41]} Qe1 48. Kh2 {[%emt 0:00:00]} Bc5 {[%emt 0:00:00]} 49. Kh3 {[%emt 0:00:00]} Qc1 {[%emt 0:00:00]} 50. Kh2 {[%emt 0:03:16]} b4 {[%emt 0:00:00]} 51. axb4 {[%emt 0:00:00]} Bxb4 {[%emt 0:00:00]} 52. Kh3 {[%emt 0:00:00]} Bc5 {[%emt 0:00:00]} 53. Kh2 {[%emt 0:02:58]} Qe1 54. Kh3 {[%emt 0:00:00]} Bd4 {[%emt 0:00:00]} 55. Ng3 {[%emt 0:00:00]} Qb4 {[%emt 0:02:08]} 56. Qc2 {[%emt 0:03:17]} Qb3 {[%emt 0:00:15]} 57. Qc6 {[%emt 0:00:00]} Qxf3 {[%emt 0:00:00]} 58. Qxd6 {[%emt 0:00:00]} Bxb2 {[%emt 0:01:51]} 59. Kh2 {[%emt 0:02:01]} Bd4 {[%emt 0:00:00]} 60. Nf5 {[%emt 0:00:00]} Qf2+ {[%emt 0:00:00]} 61. Kh3 {[%emt 0:00:00]} Qf1+ {[%emt 0:00:00]} 0-1

[Event "41st Arco Open 2019"]
[Site "Arco"]
[Date "2019.10.12"]
[Round "9"]
[White "Heidel, Andre Nicolas"]
[Black "Bifulco, Michel"]
[Result "0-1"]
[WhiteElo "2140"]
[BlackElo "2261"]
[Annotator "NA"]
[PlyCount "118"]
[EventDate "2019.10.04"]
[EventType "swiss"]
[EventCountry "ITA"]
[SourceTitle "playchess.com"]
[Source "ChessBase"]
[SourceQuality "1"]
[TimeControl "40/5400+30:1800+30"]

1. d4 {[%emt 0:00:00]} d5 {[%emt 0:00:30]} 2. Nf3 {[%emt 0:00:00]} Nf6 {[%emt 0:00:00]} 3. g3 {[%emt 0:00:30]} c6 {[%emt 0:01:00]} 4. Bg2 {[%emt 0:00:00]} g6 5. O-O {[%emt 0:00:00]} Bg7 {[%emt 0:00:00]} 6. b3 {[%emt 0:00:30]} a5 {[%emt 0:00:30]} 7. c4 {[%emt 0:01:30]} a4 {[%emt 0:03:30]} 8. Bb2 {[%emt 0:07:30]} b5 {[%emt 0:04:30]} 9. cxb5 {[%emt 0:06:30]} cxb5 {[%emt 0:00:30]} 10. Ne5 {[%emt 0:03:30]} O-O {[%emt 0:01:30]} 11. b4 {[%emt 0:11:30]} Bf5 {[%emt 0:05:30]} 12. Na3 {[%emt 0:05:30]} Qb6 {[%emt 0:03:30]} 13. Rc1 {[%emt 0:02:30]} Na6 14. Qd2 $11 {[%emt 0:08:30]} Rac8 {[%emt 0:06:00]} 15. e3 {[%emt 0:00:00]} Ne4 {[%emt 0:05:30]} 16. Bxe4 {[%emt 0:15:00]} dxe4 {[%emt 0:00:30]} 17. d5 {[%emt 0:00:30]} Bh3 {[%emt 0:07:30]} 18. Rxc8 {[%emt 0:09:30]} Rxc8 {[%emt 0:37:30]} 19. Nc6 {[%emt 0:05:30]} Bxb2 {[%emt 0:00:00]} 20. Qxb2 {[%emt 0:04:31]} Rxc6 {[%emt 0:00:00]} 21. dxc6 {[%emt 0:00:19]} Bxf1 {[%emt 0:00:00]} 22. Kxf1 {[%emt 0:00:30]} Qxc6 {[%emt 0:00:00]} 23. Kg2 {[%emt 0:02:10]} Nc7 24. Qe5 {[%emt 0:01:39]} e6 {[%emt 0:00:00]} 25. g4 {[%emt 0:00:00]} h6 {[%emt 0:00:00]} 26. h4 {[%emt 0:02:52]} Nd5 {[%emt 0:09:04]} 27. Qb8+ {[%emt 0:01:49]} Kg7 {[%emt 0:00:01]} 28. Nxb5 {[%emt 0:00:45]} Nxb4 {[%emt 0:00:30]} 29. Nd4 {[%emt 0:01:36]} Qc5 {[%emt 0:06:23]} 30. Qb7 {[%emt 0:00:30]} Qd6 {[%emt 0:00:22]} 31. a3 {[%emt 0:02:43]} Nd5 {[%emt 0:00:00]} 32. Qa7 {[%emt 0:01:20]} e5 {[%emt 0:02:02]} 33. Qxa4 exd4 {[%emt 0:02:48]} 34. Qxd4+ {[%emt 0:04:37]} Kh7 35. Qxe4 {[%emt 0:00:55]} Nf6 {[%emt 0:00:00]} 36. Qc4 Kg8 {[%emt 0:04:53]} 37. a4 {[%emt 0:01:18]} Nd7 {[%emt 0:02:59]} 38. Qc8+ {[%emt 0:01:28]} Kh7 39. Qb7 {[%emt 0:00:00]} Qe6 {[%emt 0:00:00]} 40. Kg3 {[%emt 0:01:52]} Nf6 {[%emt 0:00:00]} 41. Qb4 {[%emt 0:04:06]} h5 {[%emt 0:04:28]} 42. gxh5 {[%emt 0:01:30]} Ne4+ {[%emt 0:00:00]} 43. Kh2 {[%emt 0:01:30]} Qg4 {[%emt 0:11:35]} 44. hxg6+ {[%emt 0:06:47]} Kxg6 {[%emt 0:00:12]} 45. Qe7 {[%emt 0:00:00]} Qf3 {[%emt 0:02:30]} 46. h5+ {[%emt 0:02:01]} Qxh5+ {[%emt 0:07:46]} 47. Kg2 {[%emt 0:00:53]} Qg4+ {[%emt 0:00:00]} 48. Kf1 {[%emt 0:00:39]} Qd1+ {[%emt 0:01:02]} 49. Kg2 {[%emt 0:00:30]} Qxa4 {[%emt 0:00:30]} 50. Qh4 {[%emt 0:00:39]} Qc6 {[%emt 0:00:25]} 51. Qg4+ {[%emt 0:05:23]} Ng5+ {[%emt 0:00:05]} 52. f3 {[%emt 0:02:44]} Qc2+ {[%emt 0:01:17]} 53. Kg3 {[%emt 0:00:55]} Qc1 54. e4 {[%emt 0:03:23]} Qg1+ {[%emt 0:05:23]} 55. Kf4 Qh2+ {[%emt 0:01:30]} 56. Ke3 {[%emt 0:00:48]} Qe5 57. Qg2 {[%emt 0:00:53]} Kf6 {[%emt 0:01:32]} 58. Qc2 Ne6 {[%emt 0:01:03]} 59. f4 {[%emt 0:01:28]} Qxf4+ {[%emt 0:00:30]} 0-1

[Event "41st Arco Open 2019"]
[Site "Arco"]
[Date "2019.10.12"]
[Round "9"]
[White "Tolhuizen, Ludo"]
[Black "Zwahr, Paul"]
[Result "0-1"]
[WhiteElo "2102"]
[BlackElo "2282"]
[Annotator "ChessBase"]
[PlyCount "54"]
[EventDate "2019.10.04"]
[EventType "swiss"]
[EventCountry "ITA"]
[SourceTitle "playchess.com"]
[Source "ChessBase"]
[SourceQuality "1"]
[TimeControl "40/5400+30:1800+30"]

1. d4 {[%emt 0:00:30]} Nf6 {[%emt 0:00:30]} 2. Nf3 {[%emt 0:00:00]} g6 {[%emt 0:00:00]} 3. Nbd2 {[%emt 0:00:00]} c5 {[%emt 0:00:00]} 4. dxc5 {[%emt 0:00:30]} Qa5 {[%emt 0:00:30]} 5. a3 {[%emt 0:00:30]} Qxc5 {[%emt 0:00:30]} 6. b4 Qc7 {[%emt 0:00:30]} 7. Bb2 {[%emt 0:00:00]} Bg7 {[%emt 0:00:00]} 8. c4 {[%emt 0:03:30]} O-O {[%emt 0:03:00]} 9. g3 {[%emt 0:00:00]} b6 {[%emt 0:05:30]} 10. Bg2 Bb7 {[%emt 0:00:00]} 11. O-O {[%emt 0:00:00]} d6 {[%emt 0:01:00]} 12. Rc1 {[%emt 0:00:00]} Nbd7 {[%emt 0:01:30]} 13. Qb3 {[%emt 0:07:30]} Rac8 14. Rfd1 {[%emt 0:12:30]} Qb8 {[%emt 0:16:00]} 15. Ne1 {[%emt 0:10:30]} Rc7 {[%emt 0:06:30]} 16. Bxb7 {[%emt 0:24:30]} Qxb7 {[%emt 0:00:00]} 17. Nef3 {[%emt 0:00:30]} Rfc8 {[%emt 0:01:00]} 18. Qd3 {[%emt 0:05:30]} Qa6 {[%emt 0:38:30]} 19. e4 {[%emt 0:09:30]} Ng4 {[%emt 0:00:00]} 20. Bxg7 {[%emt 0:03:30]} Kxg7 {[%emt 0:00:00]} 21. Qb3 {[%emt 0:03:55]} b5 {[%emt 0:00:00]} 22. cxb5 Qb6 {[%emt 0:04:00]} 23. Qb2+ {[%emt 0:02:42]} Nde5 {[%emt 0:09:46]} 24. Nb3 {[%emt 0:03:39]} Rxc1 {[%emt 0:00:00]} 25. Rxc1 {[%emt 0:00:00]} Nxf2 {[%emt 0:00:00]} 26. Qxf2 {[%emt 0:00:24]} Qxf2+ {[%emt 0:00:44]} 27. Kxf2 {[%emt 0:00:20]} Nd3+ {[%emt 0:00:00]} 0-1

[Event "41st Arco Open 2019"]
[Site "Arco"]
[Date "2019.10.12"]
[Round "9"]
[White "Trauth, Michael"]
[Black "Curien, Nicolas"]
[Result "0-1"]
[WhiteElo "2073"]
[BlackElo "2261"]
[Annotator "NA"]
[PlyCount "90"]
[EventDate "2019.10.04"]
[EventType "swiss"]
[EventCountry "ITA"]
[SourceTitle "playchess.com"]
[Source "ChessBase"]
[SourceQuality "1"]
[TimeControl "40/5400+30:1800+30"]

1. c4 {[%emt 0:00:30]} e6 {[%emt 0:00:30]} 2. Nf3 {[%emt 0:00:00]} d5 {[%emt 0:00:00]} 3. b3 {[%emt 0:00:00]} c5 {[%emt 0:04:00]} 4. Bb2 {[%emt 0:01:30]} Nc6 5. cxd5 {[%emt 0:02:30]} exd5 $11 {[%emt 0:05:00]} 6. d4 Nf6 {[%emt 0:32:30]} 7. e3 {[%emt 0:01:00]} cxd4 {[%emt 0:00:00]} 8. exd4 Bb4+ {[%emt 0:00:00]} 9. Bc3 {[%emt 0:10:00]} Qa5 {[%emt 0:00:00]} 10. Bd2 {[%emt 0:07:30]} Ne4 {[%emt 0:00:00]} 11. Be2 {[%emt 0:01:30]} O-O 12. Bxb4 {[%emt 0:09:30]} Qxb4+ {[%emt 0:02:00]} 13. Kf1 {[%emt 0:14:30]} Bg4 {[%emt 0:04:30]} 14. a3 {[%emt 0:00:00]} Qb6 {[%emt 0:00:30]} 15. Qd3 {[%emt 0:00:00]} Bxf3 {[%emt 0:05:30]} 16. gxf3 {[%emt 0:00:00]} Nf6 {[%emt 0:00:00]} 17. Nc3 {[%emt 0:00:00]} Qxd4 {[%emt 0:06:00]} 18. Rd1 {[%emt 0:04:30]} Qxd3 {[%emt 0:00:30]} 19. Bxd3 {[%emt 0:01:30]} Ne5 {[%emt 0:02:30]} 20. Bf5 Nxf3 {[%emt 0:04:30]} 21. Nxd5 {[%emt 0:07:00]} Nxd5 22. Rxd5 {[%emt 0:00:30]} Rad8 {[%emt 0:01:00]} 23. Rd3 {[%emt 0:01:30]} Rxd3 24. Bxd3 {[%emt 0:00:30]} Nd2+ {[%emt 0:04:00]} 25. Ke2 {[%emt 0:09:30]} Nxb3 {[%emt 0:00:30]} 26. Bc4 {[%emt 0:00:00]} Nc5 {[%emt 0:00:30]} 27. Kf3 {[%emt 0:00:00]} Rd8 {[%emt 0:00:30]} 28. Re1 {[%emt 0:00:00]} Kf8 {[%emt 0:00:00]} 29. Re5 {[%emt 0:00:00]} b6 {[%emt 0:01:00]} 30. Rd5 {[%emt 0:00:30]} Rxd5 {[%emt 0:02:30]} 31. Bxd5 {[%emt 0:00:30]} Ke7 {[%emt 0:00:00]} 32. Ke3 {[%emt 0:06:30]} Ne6 {[%emt 0:03:00]} 33. f4 {[%emt 0:00:00]} Kd6 {[%emt 0:00:30]} 34. Be4 {[%emt 0:00:00]} h6 {[%emt 0:00:30]} 35. Bf3 {[%emt 0:00:00]} Nc7 {[%emt 0:00:30]} 36. Be2 {[%emt 0:00:00]} Nd5+ {[%emt 0:00:30]} 37. Kf3 {[%emt 0:00:30]} Kc5 38. Bd3 {[%emt 0:00:30]} Kd4 {[%emt 0:02:00]} 39. Bb5 {[%emt 0:03:30]} Ne3 {[%emt 0:00:30]} 40. Be8 {[%emt 0:00:00]} f6 {[%emt 0:00:30]} 41. Bd7 {[%emt 0:31:00]} Nc4 {[%emt 0:31:30]} 42. a4 {[%emt 0:00:30]} Nd6 {[%emt 0:00:30]} 43. Kg4 {[%emt 0:02:30]} g6 {[%emt 0:01:30]} 44. f5 {[%emt 0:01:30]} g5 {[%emt 0:01:30]} 45. Kh5 {[%emt 0:00:30]} Ke5 {[%emt 0:00:30]} 0-1

[Event "41st Arco Open 2019"]
[Site "Arco"]
[Date "2019.10.12"]
[Round "9"]
[White "Behling Robert"]
[Black "Kuhn, Tobias"]
[Result "1/2-1/2"]
[WhiteElo "2062"]
[BlackElo "2234"]
[Annotator "NA"]
[PlyCount "91"]
[EventDate "2019.10.04"]
[EventType "swiss"]
[EventCountry "ITA"]
[SourceTitle "playchess.com"]
[Source "ChessBase"]
[SourceQuality "1"]
[TimeControl "40/5400+30:1800+30"]

1. c4 {[%emt 0:00:30]} Nf6 {[%emt 0:00:30]} 2. Nc3 {[%emt 0:00:00]} c5 {[%emt 0:00:30]} 3. Nf3 {[%emt 0:01:00]} Nc6 {[%emt 0:00:00]} 4. g3 {[%emt 0:00:30]} d5 5. cxd5 {[%emt 0:01:30]} Nxd5 {[%emt 0:00:30]} 6. Bg2 {[%emt 0:00:00]} Nc7 {[%emt 0:00:30]} 7. O-O {[%emt 0:01:00]} g6 $11 {[%emt 0:01:30]} 8. Na4 e5 {[%emt 0:00:30]} 9. b3 {[%emt 0:13:00]} Bd7 {[%emt 0:21:30]} 10. Bb2 {[%emt 0:00:30]} f6 {[%emt 0:04:30]} 11. Rc1 {[%emt 0:05:30]} Ne6 {[%emt 0:00:00]} 12. Ne1 {[%emt 0:02:30]} b6 {[%emt 0:20:00]} 13. Nd3 {[%emt 0:03:30]} Rc8 {[%emt 0:01:30]} 14. f4 {[%emt 0:00:30]} Bg7 {[%emt 0:03:30]} 15. Nc3 {[%emt 0:27:30]} O-O {[%emt 0:02:30]} 16. fxe5 {[%emt 0:00:00]} Nxe5 {[%emt 0:01:30]} 17. Nxe5 {[%emt 0:00:00]} fxe5 {[%emt 0:00:00]} 18. Bd5 {[%emt 0:00:00]} Qe7 {[%emt 0:00:00]} 19. e3 {[%emt 0:02:00]} Kh8 {[%emt 0:02:30]} 20. Qe2 {[%emt 0:01:30]} Nc7 {[%emt 0:00:00]} 21. Bb7 {[%emt 0:10:30]} Rcd8 {[%emt 0:04:00]} 22. Rxf8+ {[%emt 0:00:00]} Rxf8 {[%emt 0:00:30]} 23. Rf1 {[%emt 0:07:00]} Rd8 {[%emt 0:05:30]} 24. Rf2 {[%emt 0:00:30]} Be6 {[%emt 0:01:30]} 25. Bg2 {[%emt 0:03:30]} Ne8 {[%emt 0:09:35]} 26. Ne4 {[%emt 0:00:35]} Nd6 {[%emt 0:00:00]} 27. Nxd6 {[%emt 0:00:00]} Qxd6 {[%emt 0:00:00]} 28. Bc3 {[%emt 0:02:14]} a5 {[%emt 0:00:00]} 29. Qa6 {[%emt 0:02:24]} Qc7 {[%emt 0:00:00]} 30. Bf1 {[%emt 0:01:15]} Bf5 {[%emt 0:03:49]} 31. Qc4 {[%emt 0:03:38]} Qd7 {[%emt 0:00:22]} 32. Be2 Be6 {[%emt 0:00:00]} 33. Qb5 {[%emt 0:03:43]} Qd6 {[%emt 0:10:35]} 34. Bc4 {[%emt 0:01:32]} Bf5 {[%emt 0:00:00]} 35. Be2 {[%emt 0:01:41]} h5 {[%emt 0:02:11]} 36. Qc4 {[%emt 0:00:18]} Be6 {[%emt 0:00:00]} 37. Qh4 {[%emt 0:00:35]} Rf8 {[%emt 0:02:26]} 38. Rxf8+ {[%emt 0:01:44]} Qxf8 {[%emt 0:00:11]} 39. g4 {[%emt 0:04:04]} Bf6 {[%emt 0:03:50]} 40. Qf2 {[%emt 0:00:16]} Qg7 {[%emt 0:00:00]} 41. Qg2 {[%emt 0:04:01]} hxg4 {[%emt 0:04:31]} 42. Bxg4 {[%emt 0:09:30]} Bg8 {[%emt 0:02:30]} 43. Qc6 {[%emt 0:01:30]} Bd8 {[%emt 0:01:30]} 44. Qe8 {[%emt 0:01:00]} Bc7 45. Be6 {[%emt 0:02:07]} Kh7 {[%emt 0:06:00]} 46. Bxg8+ {[%emt 0:00:30]} 1/2-1/2